[Event "SLO-chT1 West"]
[Site "Slovenia"]
[Date "2022.10.21"]
[Round "7.1"]
[White "Kovacic, Peter"]
[Black "Jelen, Miha"]
[Result "1-0"]
[WhiteElo "2176"]
[BlackElo "1851"]
[PlyCount "57"]
[EventDate "2022.10.07"]
[EventType "team-tourn"]
[EventRounds "9"]
[EventCountry "SLO"]
[SourceTitle "EXT 2024"]
[Source "ChessBase"]
[SourceDate "2023.10.10"]
[SourceVersion "1"]
[SourceVersionDate "2023.10.10"]
[SourceQuality "1"]
[WhiteTeam "Kranj Tomo Zupan"]
[BlackTeam "Ig"]
[WhiteTeamCountry "SLO"]
[BlackTeamCountry "SLO"]

1. e4 c5 2. b3 Nc6 3. Bb2 Nf6 4. e5 Nd5 5. Bc4 Nb6 6. Bb5 d5 7. d4 cxd4 8. Ne2 Bd7 9. Bxc6 bxc6 10. Bxd4 e6 11. f4 c5 12. Bf2 Be7 13. Nd2 Bc6 14. c3 Qc7 15. Nf3 Rd8 16. Qc2 Qb7 17. 0-0 0-0 18. Rac1 f5 19. exf6 Rxf6 20. Ne5 Nd7 21. Bh4 Nxe5 22. Bxf6 Bxf6 23. fxe5 Bxe5 24. Nf4 Re8 25. Nd3 Bd6 26. Qf2 Qe7 27. c4 d4 28. Rce1 e5 29. Nxe5 1-0

[Event "SLO-chT Central 19th"]
[Site "Slovenia"]
[Date "2018.10.18"]
[Round "6.2"]
[White "Krupenko, Peter"]
[Black "Jelen, Miha"]
[Result "1/2-1/2"]
[WhiteElo "1764"]
[BlackElo "1894"]
[PlyCount "81"]
[EventDate "2018.09.13"]
[EventType "team-tourn"]
[EventRounds "7"]
[EventCountry "SLO"]
[SourceTitle "EXT 2021"]
[Source "ChessBase"]
[SourceDate "2020.10.23"]
[SourceVersion "1"]
[SourceVersionDate "2020.10.23"]
[SourceQuality "1"]
[WhiteTeam "Trzin Buscotrade II"]
[BlackTeam "Ig"]
[WhiteTeamCountry "SLO"]
[BlackTeamCountry "SLO"]

1. c4 e6 2. Nf3 d5 3. cxd5 exd5 4. d4 Nf6 5. Nc3 g6 6. Bg5 Bg7 7. e3 0-0 8. Be2 c6 9. 0-0 Bf5 10. Qb3 Qc8 11. Rfc1 Nbd7 12. Na4 Ne4 13. Bf4 h6 14. Qd1 g5 15. Bg3 Bg6 16. b4 a6 17. Nc3 Ndf6 18. a4 Qe6 19. Ne5 Nxc3 20. Rxc3 Ne4 21. Rcc1 Nxg3 22. hxg3 Bxe5 23. dxe5 Qxe5 24. Bd3 f5 25. Rab1 Be8 26. b5 axb5 27. axb5 Ra2 28. Qb3 Rd2 29. Rc2 Rxc2 30. Qxc2 Bd7 31. bxc6 Bxc6 32. Bb5 Qe6 33. Qd3 Ra8 34. Rc1 Kf7 35. g4 Qe5 36. gxf5 Ra1 37. Rxa1 Qxa1+ 38. Kh2 Qe5+ 39. Kg1 Kf6 40. Qa3 Kxf5 41. Qf8+ 1/2-1/2

[Event "Nova Gorica op 23rd"]
[Site "Nova Gorica"]
[Date "2018.01.27"]
[Round "3"]
[White "Debevec, Blaz"]
[Black "Jelen, Miha"]
[Result "1-0"]
[WhiteElo "2227"]
[BlackElo "1929"]
[PlyCount "43"]
[EventDate "2018.01.26"]
[EventType "swiss"]
[EventRounds "9"]
[EventCountry "SLO"]
[SourceTitle "CBM 182 Extra"]
[Source "ChessBase"]
[SourceDate "2018.02.23"]
[SourceVersion "1"]
[SourceVersionDate "2018.02.23"]
[SourceQuality "1"]

1. d4 d5 2. c4 c6 3. Nf3 Nf6 4. e3 e6 5. b3 Be7 6. Bb2 0-0 7. Nbd2 Nbd7 8. Bd3 a6 9. Qe2 b5 10. Ne5 Bb7 11. f4 bxc4 12. bxc4 Qa5 13. 0-0 c5 14. f5 dxc4 15. Ndxc4 Qc7 16. fxe6 fxe6 17. Nxd7 Qxd7 18. Nb6 Qc6 19. Nxa8 Bxa8 20. Rac1 Ne4 21. Rxf8+ Bxf8 22. Qf3 1-0

[Event "Nova Gorica op 23rd"]
[Site "Nova Gorica"]
[Date "2018.01.27"]
[Round "2"]
[White "Jelen, Miha"]
[Black "Srebrnic, Vojko"]
[Result "0-1"]
[WhiteElo "1929"]
[BlackElo "2146"]
[PlyCount "120"]
[EventDate "2018.01.26"]
[EventType "swiss"]
[EventRounds "9"]
[EventCountry "SLO"]
[SourceTitle "CBM 182 Extra"]
[Source "ChessBase"]
[SourceDate "2018.02.23"]
[SourceVersion "1"]
[SourceVersionDate "2018.02.23"]
[SourceQuality "1"]

1. e4 c5 2. Nf3 g6 3. c3 d5 4. exd5 Qxd5 5. Na3 Bg7 6. Bb5+ Bd7 7. 0-0 Bxb5 8. Nxb5 Qd7 9. Qa4 Nc6 10. d4 Nf6 11. Ne5 Qc8 12. dxc5 0-0 13. Nc4 Qf5 14. Be3 Ng4 15. Nd4 Qh5 16. h3 Nxe3 17. Nxe3 Qxc5 18. Nb3 Qh5 19. Rad1 Rfd8 20. Qg4 Qxg4 21. hxg4 Kf8 22. Rfe1 e6 23. Nc4 b6 24. Kf1 Ke7 25. Ke2 Rxd1 26. Rxd1 Rh8 27. a4 h5 28. gxh5 Rxh5 29. Ra1 Ne5 30. Nbd2 Nxc4 31. Nxc4 Rc5 32. Kd3 Rd5+ 33. Ke2 Rd8 34. f3 Rc8 35. Kd3 Rh8 36. Re1 Rh2 37. Ne3 Kd6 38. Re2 Rh1 39. a5 b5 40. Rc2 Ra1 41. b4 Ra3 42. Nd1 Ra1 43. Ne3 Ra3 44. Nd1 f5 45. Nf2 Kd5 46. g4 Be5 47. Nd1 Bf4 48. Nf2 Bd6 49. Rb2 Bg3 50. Nd1 Bf4 51. Rc2 Ra1 52. Nf2 e5 53. gxf5 gxf5 54. Re2 Rf1 55. Rc2 Bg3 56. Nh3 Rxf3+ 57. Ke2 e4 58. Rd2+ Kc4 59. Rd7 Rxc3 60. Rxa7 Kxb4 0-1

[Event "Ljubljana-chT 71st"]
[Site "Ljubljana"]
[Date "2018.01.11"]
[Round "1.4"]
[White "Jelen, Miha"]
[Black "Selih, Mario Carlos"]
[Result "1-0"]
[WhiteElo "1929"]
[BlackElo "1625"]
[PlyCount "61"]
[EventDate "2018.01.11"]
[EventType "team-tourn"]
[EventRounds "9"]
[EventCountry "SLO"]
[SourceTitle "EXT 2020"]
[Source "ChessBase"]
[SourceDate "2019.10.17"]
[SourceVersion "1"]
[SourceVersionDate "2019.10.17"]
[SourceQuality "1"]
[WhiteTeam "Ig"]
[BlackTeam "Ljubljana SK"]
[WhiteTeamCountry "SLO"]
[BlackTeamCountry "SLO"]

1. e4 c5 2. Nf3 d6 3. c3 Nf6 4. Bd3 Nc6 5. 0-0 Bg4 6. h3 Bh5 7. Re1 Qd7 8. Na3 a6 9. Nc4 Qc7 10. a4 e5 11. Ne3 Bg6 12. Nh4 Be7 13. Nhf5 0-0 14. Qf3 Rfe8 15. b3 Rab8 16. Bb2 Bf8 17. g4 Bxf5 18. gxf5 b5 19. axb5 axb5 20. Kh1 b4 21. c4 Ra8 22. Rg1 Rxa1 23. Bxa1 Qa5 24. Nd5 Nxd5 25. exd5 Nd4 26. Bxd4 exd4 27. f6 g6 28. Bxg6 hxg6 29. Rxg6+ Bg7 30. Rxg7+ Kf8 31. Rg8+ 1-0

[Event "SLO-chT Central 18th"]
[Site "Slovenia"]
[Date "2017.09.21"]
[Round "2.4"]
[White "Jelen, Miha"]
[Black "Marcetic, Dusan"]
[Result "1-0"]
[WhiteElo "1985"]
[BlackElo "1835"]
[PlyCount "75"]
[EventDate "2017.09.14"]
[EventType "team-tourn"]
[EventRounds "7"]
[EventCountry "SLO"]
[SourceTitle "EXT 2019"]
[Source "ChessBase"]
[SourceDate "2018.10.10"]
[SourceVersion "1"]
[SourceVersionDate "2018.10.10"]
[SourceQuality "1"]
[WhiteTeam "Ig"]
[BlackTeam "Trzin Buscotrade"]
[WhiteTeamCountry "SLO"]
[BlackTeamCountry "SLO"]

1. e4 Nf6 2. Bc4 d6 3. d3 g6 4. Bd2 Bg7 5. Bc3 0-0 6. Ne2 Nc6 7. Nd2 e5 8. h3 Qe7 9. 0-0 Be6 10. f4 Bh6 11. Kh2 Kg7 12. Qe1 Nh5 13. g4 Nxf4 14. Nxf4 Kg8 15. Ng2 Qd7 16. Qh4 Bg7 17. Ne3 Ne7 18. Bb3 c6 19. Nf3 h6 20. Rad1 g5 21. Qg3 Ng6 22. Nf5 Nf4 23. Rf2 c5 24. h4 f6 25. Bxe6+ Qxe6 26. Ne1 b5 27. b3 a5 28. Ng2 b4 29. Bd2 Rfd8 30. Bxf4 gxf4 31. Qf3 Bf8 32. g5 fxg5 33. Qh5 Qf6 34. Rg1 Kh7 35. hxg5 Qxg5 36. Qf7+ Bg7 37. Ngh4 Rf8 38. Qxg7+ 1-0

[Event "Maribor Pirc Memorial op 20th"]
[Site "Maribor"]
[Date "2017.07.01"]
[Round "8"]
[White "Mestek, Igor"]
[Black "Jelen, Miha"]
[Result "1-0"]
[WhiteElo "2156"]
[BlackElo "1954"]
[PlyCount "63"]
[EventDate "2017.06.24"]
[EventType "swiss"]
[EventRounds "9"]
[EventCountry "SLO"]
[SourceTitle "CBM 179 Extra"]
[Source "ChessBase"]
[SourceDate "2017.08.23"]
[SourceVersion "1"]
[SourceVersionDate "2017.08.23"]
[SourceQuality "1"]

1. e4 c5 2. Nf3 Nc6 3. b3 e5 4. Bb2 d6 5. Bb5 Nge7 6. c3 Bg4 7. h3 Bh5 8. 0-0 Qb6 9. Na3 a6 10. Be2 Bxf3 11. Bxf3 Ng6 12. Nc4 Qc7 13. Ne3 Be7 14. Nd5 Qd8 15. d4 cxd4 16. cxd4 exd4 17. Bxd4 Nxd4 18. Qxd4 Bf6 19. Nxf6+ Qxf6 20. Qxf6 gxf6 21. Rac1 Ne5 22. Rc7 Rb8 23. Bh5 Kd8 24. Rfc1 Rf8 25. Bg4 Nxg4 26. hxg4 Re8 27. Rxf7 Rxe4 28. Rxh7 Re7 29. Rh8+ Re8 30. Rxe8+ Kxe8 31. Rc7 a5 32. Rh7 1-0

[Event "Maribor Pirc Memorial op 20th"]
[Site "Maribor"]
[Date "2017.06.30"]
[Round "7"]
[White "Jelen, Miha"]
[Black "Beletic, Daniel"]
[Result "0-1"]
[WhiteElo "1954"]
[BlackElo "2314"]
[PlyCount "56"]
[EventDate "2017.06.24"]
[EventType "swiss"]
[EventRounds "9"]
[EventCountry "SLO"]
[SourceTitle "CBM 179 Extra"]
[Source "ChessBase"]
[SourceDate "2017.08.23"]
[SourceVersion "1"]
[SourceVersionDate "2017.08.23"]
[SourceQuality "1"]

1. e4 d6 2. d4 Nf6 3. Nc3 g6 4. f4 Bg7 5. Nf3 0-0 6. Bd3 Na6 7. 0-0 c5 8. d5 Bg4 9. Be3 Nc7 10. h3 Bxf3 11. Qxf3 e6 12. f5 exd5 13. exd5 Nd7 14. Bf4 Ne5 15. Bxe5 Bxe5 16. Qg4 Kg7 17. Be4 Ne8 18. fxg6 hxg6 19. Bd3 Nf6 20. Qg5 c4 21. Bxc4 Qb6+ 22. Kh1 Qxb2 23. Ne2 Qb4 24. Bd3 Nh7 25. Qe3 Bxa1 26. Rxa1 Qb2 27. Re1 Rfe8 28. Qg3 Qe5 0-1

[Event "Maribor Pirc Memorial op 20th"]
[Site "Maribor"]
[Date "2017.06.29"]
[Round "6"]
[White "Plaskan, Jure"]
[Black "Jelen, Miha"]
[Result "1/2-1/2"]
[WhiteElo "2218"]
[BlackElo "1954"]
[PlyCount "82"]
[EventDate "2017.06.24"]
[EventType "swiss"]
[EventRounds "9"]
[EventCountry "SLO"]
[SourceTitle "CBM 179 Extra"]
[Source "ChessBase"]
[SourceDate "2017.08.23"]
[SourceVersion "1"]
[SourceVersionDate "2017.08.23"]
[SourceQuality "1"]

1. c4 c5 2. Nf3 Nc6 3. Nc3 g6 4. d4 cxd4 5. Nxd4 Nf6 6. e4 d6 7. Be2 Nxd4 8. Qxd4 Bg7 9. Be3 0-0 10. Qd1 Qa5 11. 0-0 Be6 12. Rc1 Rfc8 13. b3 Rab8 14. f4 a6 15. Bd4 b5 16. e5 dxe5 17. Bxe5 Rb7 18. cxb5 axb5 19. Qd4 Rd7 20. b4 Qa3 21. Qe3 Qxb4 22. Rb1 Qc5 23. Qxc5 Rxc5 24. Rxb5 Rxb5 25. Bxb5 Rd2 26. a4 Nd5 27. Ne4 Ra2 28. h3 Bxe5 29. fxe5 Ne3 30. Rf2 Ra1+ 31. Kh2 Bc4 32. Bxc4 Nxc4 33. e6 fxe6 34. Nc5 Ne3 35. g4 h5 36. Rf3 Nd5 37. Kg3 hxg4 38. Kxg4 Nf6+ 39. Kf4 Kf7 40. Ke5 Rd1 41. Nd3 Ra1 1/2-1/2

[Event "Ljubljana-chT 70th"]
[Site "Ljubljana"]
[Date "2017.03.16"]
[Round "8.4"]
[White "Jelen, Miha"]
[Black "Mejak, George"]
[Result "1-0"]
[WhiteElo "1909"]
[BlackElo "2065"]
[PlyCount "91"]
[EventDate "2017.01.12"]
[EventType "team-tourn"]
[EventRounds "9"]
[EventCountry "SLO"]
[SourceTitle "EXT 2019"]
[Source "ChessBase"]
[SourceDate "2018.10.10"]
[SourceVersion "1"]
[SourceVersionDate "2018.10.10"]
[SourceQuality "1"]
[WhiteTeam "Ig"]
[BlackTeam "Mentor"]
[WhiteTeamCountry "SLO"]
[BlackTeamCountry "SLO"]

1. e4 e5 2. Nf3 Nc6 3. Bc4 Bc5 4. c3 Nf6 5. d3 Bb6 6. Nbd2 d6 7. h3 Na5 8. Bb5+ Bd7 9. Ba4 Bxa4 10. Qxa4+ Qd7 11. Qxd7+ Kxd7 12. b4 Nc6 13. Nc4 Nd8 14. Be3 Bxe3 15. fxe3 b5 16. Na5 Nc6 17. Nxc6 Kxc6 18. a4 a5 19. axb5+ Kxb5 20. bxa5 Rxa5 21. c4+ Kb4 22. Rxa5 Kxa5 23. Kd2 Kb6 24. Rc1 Kc6 25. c5 Kd7 26. cxd6 cxd6 27. Ra1 h6 28. d4 Nxe4+ 29. Kd3 Nf6 30. dxe5 dxe5 31. Nxe5+ Ke6 32. Nc6 Kf5 33. Ra5+ Kg6 34. Ne5+ Kh7 35. Nxf7 Re8 36. Re5 Rf8 37. Re7 Nd5 38. Rd7 Nf6 39. Rb7 Kg6 40. Ne5+ Kf5 41. Nc6 Kg6 42. e4 Nh5 43. Ke3 Nf4 44. Rb2 Kg5 45. Ne5 Kh4 46. Rf2 1-0

[Event "Otocec Krka Terme op"]
[Site "Otocec"]
[Date "2016.10.23"]
[Round "4"]
[White "Acimovic, Vasja"]
[Black "Jelen, Miha"]
[Result "1-0"]
[WhiteElo "1815"]
[BlackElo "1938"]
[PlyCount "43"]
[EventDate "2016.10.21"]
[EventType "swiss"]
[EventRounds "5"]
[EventCountry "SLO"]
[SourceTitle "EXT 2019"]
[Source "ChessBase"]
[SourceDate "2018.10.10"]
[SourceVersion "1"]
[SourceVersionDate "2018.10.10"]
[SourceQuality "1"]

1. d4 d5 2. c4 e6 3. Nc3 c5 4. cxd5 exd5 5. e4 dxe4 6. Bc4 cxd4 7. Qb3 Qd7 8. Nxe4 Nc6 9. Bd2 Nf6 10. Ng5 Qe7+ 11. Kf1 Be6 12. Bxe6 fxe6 13. Nxe6 Ne4 14. Nf3 Nc5 15. Nxc5 Qxc5 16. Rc1 Qb6 17. Re1+ Be7 18. Qe6 Rf8 19. Bg5 Qc5 20. Ne5 Nb8 21. Bxe7 Qxe7 22. Qc8+ 1-0